| 000 | 00507nam a2200181 a 4500 | ||
|---|---|---|---|
| 001 | BRCA_6181 | ||
| 005 | 20190320205348.0 | ||
| 008 | 110711s1921----gw-a######---#000-0#ger-# | ||
| 050 | 4 |
_aDT567 _b.W35 1921 |
|
| 245 | 1 | 0 |
_aUrwald, Veld, Wuste _cLeo Waibel |
| 260 |
_aBreslau _bF. Hirt _c1921 |
||
| 300 |
_a208 p. _bil. _c21 cm. |
||
| 500 | _aI45 | ||
| 651 | 4 |
_aCamerún _xDescripción y viajes _915563 |
|
| 651 | 4 |
_aÁfrica sudoccidental alemana _xDescripción y viajes _915564 |
|
| 902 | _aGFM | ||
| 942 |
_2lcc _cB |
||
| 999 |
_c5868 _d5868 |
||